NASA INFORMATION AND DOCUMENTATION 2006 HUDCO TROPHY (Record no. 861741)

MARC details
000 -LEADER
fixed length control field 00290nam a2200109Ia 4500
008 - FIXED-LENGTH DATA ELEMENTS--GENERAL INFORMATION
fixed length control field 230822s2008 xx 000 0 und d
041 ## - LANGUAGE CODE
Language code of text/sound track or separate title eng
100 ## - MAIN ENTRY--PERSONAL NAME
Personal name C.S.I.INSTITUTE OF TECHNOLOGY
245 ## - TITLE STATEMENT
Title NASA INFORMATION AND DOCUMENTATION 2006 HUDCO TROPHY
260 ## - PUBLICATION, DISTRIBUTION, ETC.
Name of publisher, distributor, etc. NA
Date of publication, distribution, etc. 2008
300 ## - PHYSICAL DESCRIPTION
Extent 208

No items available.